000 00491nam a2200193Ia 4500
003 GCL
008 140319s9999 xx 000 0 eng d
020 _a1853172278
040 _aGCL /
_cGCL
082 0 4 _a616.5
_bM S
100 1 _aMARKS, RONALD
245 1 0 _aSKIN DISEASE IN OLD AGE /
_cMARKS, RONALD
260 _aانجلترا :
_bMARTIN DUNITZ LTD ،
_c1999
300 _a32 CM ؛
_c283 P
650 0 4 _aDERMATOLOGY
650 0 4 _aSKIN DISEASES
650 0 4 _aSKIN
942 _2ddc
_cBK
999 _c7435
_d7435